Teória obvodov 3. 2. časť

Podrobná bibliografia
Hlavný autor: Baláž, Igor, 1939- (Autor)
Médium: Kniha
Jazyk:slovenčina
PhysicalDescription:223 s., 14,587 AH Tb. Sch. 29 cm
Vydavateľské údaje: Bratislava Slovenská vysoká škola technická 1990
ISBN:8022702595
Vydanie:1. vyd.

MARC

LEADER 00000nam a2200000 a 4500
001 vtls001063180
003 SK-MaSNL
005 20260301000123.0
008 250414s1990 xo slo
015 |a SNBA1991/01 
020 |a 8022702595 
035 |a SNK000006009 
040 |a SNK  |b slo  |c SNK  |e AACR2 
041 0 |a slo 
044 |a xo  |c SK 
080 |a 621.3.01(075.8)  |2 1981 
100 1 |a Baláž, Igor,  |d 1939-  |4 aut  |9 189431 
245 1 0 |a Teória obvodov 3. 2. časť  |c Igor Baláž 
250 |a 1. vyd. 
260 |a Bratislava  |b Slovenská vysoká škola technická  |c 1990  |e Bratislava  |f Edičné stredisko SVŠT 
300 |a 223 s., 14,587 AH  |b Tb. Sch.  |c 29 cm 
366 |e 300 výtl. 
500 |a Lit. 18. Schválil rektor SVŠT v Bratislave ako skriptá. Rozmn. 18 zázn. v slov., češ., ruš. a angl. 
852 |a Slovenská národná knižnica 
919 |a 80-227-0259-5 
958 0 7 |a NB 
958 0 7 |a RM 
958 0 7 |a UV 
958 |a OND 
999 |c 532001  |d 533931 
952 |t P60, <04>, [BOOK], {604}  |a SNK  |b SNK  |y VYP  |7 0  |p 17A0105327  |o snkSB 39276/3/2 D1  |0 0  |1 0  |4 0  |d 1997-10-27  |l 0  |r 2004-12-31 00:00:00  |w 2026-02-23 
952 |a SNK  |b SNK  |y PREZ  |7 0  |p 17A0797819  |o snkSB 39276/3/2  |0 0  |1 0  |4 0  |d 2012-05-28  |f 1  |l 0  |r 2025-04-24 00:00:00  |w 2026-02-23